| 000 | 00447 a2200157 4500 | ||
|---|---|---|---|
| 999 |
_c6454 _d6454 |
||
| 020 | _a9782880467982 | ||
| 050 | _aZ 246 JUR 2004 | ||
| 100 | _a Jury, David | ||
| 245 |
_aAbout Face : _bReviving the rules of typography/ _cDavid Jury |
||
| 264 |
_aHove : _bRotoVision, _c2004 |
||
| 300 |
_a159 pages : _b ill. |
||
| 500 | _aincludes index | ||
| 650 | _aGraphic design (Typography) | ||
| 650 | _aArts graphiques. | ||
| 942 |
_2lcc _cBK _h246 _iJUR _k2004 |
||